000 00891cam a22002532 4500
001 0000002048
005 20151217151838.0
008 070402s xx 000 0 eng d
020 _a027365540x :
_cKES 5062/17
040 _aKABU
_cKABU
050 0 _aHF54.56
_b.B87 2003
245 1 0 _aBusiness information systems :
_btechnology, development and management for the e-business /
_cPaul Bocij ... [et al.]
250 _a2nd ed.
260 _aHarlow, England :
_bPrentice Hall,
_c2003.
300 _axxiv, 736 p.
650 0 _aBusiness
_xComputer network resources.
_@0000151263
650 0 _aBusiness information services.
_@0000178787
650 0 _aElectronic commerce.
_@0000148142
700 1 _aBocij, Paul.
_@0000151264
908 _a070402
950 _@1
999 _c5613
_d5613